Statistics for Marvel Heroes A-Z by Picture #5

Click here to take the quiz!

General Stats

  • This quiz has been taken 17 times
  • The average score is 14 of 26

Answer Stats

Answer% Correct
Hawkeye
100%
Mantis
100%
Red She-Hulk
100%
Storm
100%
Ironheart
93%
Adam Warlock
79%
Captain Marvel
79%
Dazzler
71%
Nakia
71%
Wonder Man
71%
Elsa Bloodstone
64%
Jocasta
64%
Franklin Richards
57%
Kingo
57%
Polaris
57%
Guardian
43%
Triton
36%
Valeria Richards
29%
Blink
21%
Lady Fantomex
21%
Quentin Quire
14%
Ultragirl
14%
Xolum
14%
Outlaw
7%
Yang Yi
7%
Zira
7%

Score Distribution

Percentile by Number Answered

Percent of People with Each Score

Your Score History

You have not taken this quiz